000 01171nmc a2200397 a 4500
003 AR-BaBNM
005 20251128204553.0
008 045019s1977 ||||||||||||||000 | spa||
020 _a84-281-0297-X
040 _cAR-BaBNM
245 1 0 _aPsicología de la educación
260 _aBarcelona
_bOikos-tau
_c1977
300 0 _a181 p.
_bdiagr., gráfs.
490 0 _aTratado de formación de profesores
_vv. 4
500 0 _aEste volumen forma parte del Tratado de ciencias pedagógicas
500 0 _aTraducción de Prudenci Comes
504 _aBibliografía al término de los capítulos
650 4 _aEDUCACION FAMILIAR
650 4 _aPSICOLOGIA DE LA EDUCACION
650 4 _aCREATIVIDAD
650 4 _aDINAMICA DE GRUPO
650 4 _aENSENANZA PROGRAMADA
650 4 _aSOCIOLOGIA DE LA EDUCACION
650 4 _aROL DE LOS PADRES
650 4 _aMETODOS DE ENSENANZA
650 4 _aTECNICAS DE ENSENANZA
653 0 _aEDUCACION POPULAR
653 0 _aPSICOPEDAGOGIA
700 1 _aMialaret, Gaston
700 1 _aDrévillon, Jean
700 1 _aWery, André
700 1 _aVial, Jean
700 1 _aLefèvre, Lucien
942 _cBK
998 _cEthel
999 _c7965
_d7965